Ends in 'LA' Quiz Stats

Quiz Updated Mar 8, 2012

Challenge
Share
Tweet
Embed
Score 0/28 Timer 06:00
3 Plays Today
Hint Word % Correct
Glass slipper wearing Disney princess.Cinderella
91.6%
Keeps you dry in the rain; bad luck indoors.Umbrella
91.1%
Anti-Apartheid activist imprisoned for 27 years, and later elected President of South Africa.Nelson Mandela
90.6%
A popular flavor of ice cream, or an 'Ice' rapper.Vanilla
89.2%
A Transylvanian vampire.Dracula
85.3%
A large hairy spider; the kind of pet Buzz has in 'Home Alone.'Tarantula
85.1%
A brand of colored artistry supplies, very popular among children.Crayola
84.3%
Fictional gigantic reptile that terrorized Japan.Godzilla
81.7%
Main method of transportation in Venice.Gondola
80.8%
The first name of Disney's evil dog-napper.Cruella de Vil
80.3%
Stringed instrument pitched lower than a violin, but higher than a cello.Viola
78.9%
Alcoholic drink originating in Mexico, or a song from the 1950s!Tequila
78%
A hazelnut-chocolate spread developed by Ferrero.Nutella
77.3%
Bacteria sometimes found in undercooked meats or poorly handled dairy that causes illness.Salmonella
73.1%
Hint Word % Correct
A car by Chevy or an African antelope.Impala
64.2%
Swiss producer of cough drops and breath mints.Ricola
64.2%
South American country home to the highest waterfall in the world: Angel Falls.Venezuela
61.7%
The projection at the back of the throat.Uvula
54%
African board game in which players try to capture as many of the other player's stones as possible.Mancala
51.2%
An aromatic salad green used in Italian cuisine.Arugula
47.3%
This Central American country boasts more than 35 volcanoes.Guatemala
45.1%
In Scandinavian mythology, the majestic hall in the Afterlife.Valhalla
40.9%
The Last African nation to gain independence from Portugal.Angola
34.6%
Futurama's one-eyed, purple-haired girl.Leela
32.2%
Last name of the one time manager of the Yankees, Reds, Mariners, Devil Rays, and Cubs.Lou Piniella
32%
The assassinated third emperor of Rome in the Julio-Claudian line.Caligula
30.7%
Last name of the Serbian physicist after whom the unit for magnetic induction is named.Nikola Tesla
28.1%
Italian blue cheese made from unskimmed milk.Gorgonzola
27.1%

You're not logged in!

Compare scores with friends on all Sporcle quizzes.
Join for Free
OR
Log In

You Might Also Like...

Show Comments

Extras

Top Quizzes Today


Score Distribution

Your Account Isn't Verified!

In order to create a playlist on Sporcle, you need to verify the email address you used during registration. Go to your Sporcle Settings to finish the process.

Report this User

Report this user for behavior that violates our Community Guidelines.

Details: